Southville International School and Colleges
Your cart is empty.
  • Cart
  • Lists
    Public lists Eva Luna New books Lux_list list_1
    Your lists Log in to create your own lists
  • Log in to your account
  • Your cookies
  • Search history
Southville International School and Colleges
  • Advanced search
  • Recent comments
  • Most popular
  • Libraries

Log in to your account

Log in with GOOGLE


If you do not have an external account, but do have a local account, you can still log in:

  1. Home
  2. MARC view: Seven experiment that could change the world :
Normal view MARC view ISBD view

Seven experiment that could change the world : (Record no. 39814)

[ view plain ]
MARC details
000 -LEADER
fixed length control field 00617nam a22001937a 4500
003 - CONTROL NUMBER IDENTIFIER
control field SISC
005 - DATE AND TIME OF LATEST TRANSACTION
control field 20160301084321.0
008 - FIXED-LENGTH DATA ELEMENTS--GENERAL INFORMATION
fixed length control field 140111b xxu||||| |||| 00| 0 eng d
020 ## - INTERNATIONAL STANDARD BOOK NUMBER
International Standard Book Number 9781573225649
050 ## - LIBRARY OF CONGRESS CALL NUMBER
Classification number Q 182.3
Item number .Sh48 1995
100 ## - MAIN ENTRY--PERSONAL NAME
Personal name Sheldrake, Rupert
9 (RLIN) 30541
245 ## - TITLE STATEMENT
Title Seven experiment that could change the world :
Remainder of title A Do-it Yourself Guide to Revolutionary Science /
260 ## - PUBLICATION, DISTRIBUTION, ETC. (IMPRINT)
Place of publication, distribution, etc United States :
Name of publisher, distributor, etc RiverHead Books,
Date of publication, distribution, etc 1995.
300 ## - PHYSICAL DESCRIPTION
Extent 288 p. :
Other physical details ill. ;
Dimensions 24 cm.
500 ## - GENERAL NOTE
General note Includes bibliographical referrence and index
651 ## - SUBJECT ADDED ENTRY--GEOGRAPHIC NAME
Source of heading or term science - experiment
942 ## - ADDED ENTRY ELEMENTS (KOHA)
Source of classification or shelving scheme Library of Congress Classification
Koha item type Books
Holdings
Withdrawn status Lost status Source of classification or shelving scheme Damaged status Home library Current library Shelving location Date acquired Total Checkouts Full call number Barcode Date last seen Copy number Price effective from Koha item type
    Library of Congress Classification   Luxembourg Library Luxembourg Library High School Section 01/11/2014   Q 182.3 .Sh48 1995 4827 03/01/2016 1 01/11/2014 Books

Seven experiment that could change the world :

APA

Sheldrake R., . (1995). Seven experiment that could change the world. United States: RiverHead Books.

Chicago

Sheldrake Rupert, . 1995. Seven experiment that could change the world. United States: RiverHead Books.

Harvard

Sheldrake R., . (1995). Seven experiment that could change the world. United States: RiverHead Books.

MLA

Sheldrake Rupert, . Seven experiment that could change the world. United States: RiverHead Books. 1995.

  • Place hold
  • Print
  • Cite
  • Add to your cart (remove)
  • Save record
    BIBTEX Dublin Core MARCXML MARC (non-Unicode/MARC-8) MARC (Unicode/UTF-8) MARC (Unicode/UTF-8, Standard) MODS (XML) RIS
  • More searches
    Search for this title in:
    Other Libraries (WorldCat) Other Databases (Google Scholar) Online Stores (Bookfinder.com) Open Library (openlibrary.org)

Exporting to Dublin Core...

SOUTHVILLE LIBRARY

Southville International School and Colleges Library

1281 Tropical Ave. Cor. Luxembourg St., BF Homes International, Las Pinas City

Tel. No. 8256374 / 252358 Loc. 117/146

Powered by Koha